| 000 | 00717nam a22002417a 4500 | ||
|---|---|---|---|
| 005 | 20170124110119.0 | ||
| 010 | _aA-573405 | ||
| 020 |
_c00.00 _a8185604002 |
||
| 035 | _aA-573405 | ||
| 037 | _bCen Lib/Ret | ||
| 040 |
_aDPL _bEN |
||
| 082 |
_aN _bJOS |
||
| 100 |
_aJoshi, S J _930393 |
||
| 245 |
_aAnandi Gopal / _cby S J Joshi; traslated and abridged from the Marathi by Asha Damle |
||
| 260 |
_aCalcutta _bMandira Sen For Stree _c1992 |
||
| 270 |
_bCalcutta _a16 southern avenue _e700026 |
||
| 300 |
_axii,272p. _c16cm(Hb) |
||
| 500 | _aIncludes glossary | ||
| 650 |
_aMarathi literature _930394 |
||
| 650 |
_aMarathi fiction _930395 |
||
| 700 |
_aDamble, Asha _9102074 |
||
| 942 |
_2ddc _cEN _hN _mJOS |
||
| 999 |
_c130906 _d130906 |
||